| 000 | 00468nam a2200169 4500 | ||
|---|---|---|---|
| 005 | 20260310141740.0 | ||
| 008 | 260310b |||||||| |||| 00| 0 eng d | ||
| 020 | _a978-93-95664-62-2 | ||
| 041 | _aMarathi | ||
| 082 | _aX 891 NAI B12306 | ||
| 100 |
_aनाईक, प्रदीप _9216938 |
||
| 245 | _aभारतीय रत्ने | ||
| 260 |
_aPune _bBharatiya Vichar Sadhana _c2024 |
||
| 300 |
_a146p _bPb |
||
| 365 |
_aRupaye _b200 _cINR |
||
| 942 | _cBK | ||
| 999 |
_c370663 _d370663 |
||